Statistics for Metallica Album Tracklist

Click here to take the quiz!

General Stats

  • This quiz has been taken 127 times
  • The average score is 7 of 12

Answer Stats

HintAnswer% Correct
1Enter Sandman
98%
8Nothing Else Matters
85%
4The Unforgiven
84%
2Sad But True
77%
5Wherever I May Roam
67%
9Of Wolf And Man
63%
6Don't Tread On Me
51%
3Holier Than Thou
47%
10The God That Failed
46%
7Through The Never
41%
11My Friend Of Misery
39%
12The Struggle Within
34%

Score Distribution

Percentile by Number Answered

Percent of People with Each Score

Your Score History

You have not taken this quiz